'T' Authors Quiz Stats

 Plays Quiz Updated Jul 20, 2018

Also try: 'S' Authors
Challenge
Share
Tweet
Embed
Score 0/20 Timer 06:00
0 Plays Today
Hint Answer % Correct
The Hobbit (1937), The Fellowship of the Ring (1954)J.R.R. Tolkien
96.8%
War and Peace (1869), Anna Karenina (1877)Leo Tolstoy
96.3%
The Adventures of Tom Sawyer (1876), The Prince and the Pauper (1881)Mark Twain
91.1%
The Joy Luck Club (1989), The Bonesetter's Daughter (2000)Amy Tan
69.8%
Civil Disobedience (1849), Walden (1854)Henry David Thoreau
67.9%
Fear and Loathing in Las Vegas (1971), The Rum Diary (1998)Hunter S. Thompson
61.8%
Do not go gentle into that good night (1951), Under Milk Wood (1954)Dylan Thomas
61.1%
Vanity Fair (1848), The Rose and the Ring (1855)William Makepeace Thackeray
50.5%
Presumed Innocent (1987), The Burden of Proof (1990)Scott Turow
29%
A Confederacy of Dunces (1980), The Neon Bible (1989)John Kennedy Toole
27.7%
Hint Answer % Correct
The Accidental Tourist (1985), Breathing Lessons (1988)Anne Tyler
27.4%
A Sportsman's Sketches (1852), Fathers and Sons (1862)Ivan Turgenev
24.7%
Literature and Revolution (1924), The History of the Russian Revolution (1932)Leon Trotsky
22%
The History of the Peloponnesian War (431 BC)Thucydides
18.4%
The Great Railway Bazaar (1975), The Mosquito Coast (1981)Paul Theroux
18%
The Warden (1855), The Way We Live Now (1875)Anthony Trollope
14.6%
The Magnificent Ambersons (1918), Alice Adams (1921)Booth Tarkington
14.2%
Eclipse (1935), Johnny Got His Gun (1939)Dalton Trumbo
13.9%
My Life and Hard Times (1933), My World and Welcome to It (1942)James Thurber
13.6%
The Guns of the South (1992), How Few Remain (1997)Harry Turtledove
4.9%

You're not logged in!

Compare scores with friends on all Sporcle quizzes.
Join for Free
OR
Log In

You Might Also Like...

Show Comments

Extras

Top Quizzes Today


Score Distribution

Your Account Isn't Verified!

In order to create a playlist on Sporcle, you need to verify the email address you used during registration. Go to your Sporcle Settings to finish the process.

Report this User

Report this user for behavior that violates our Community Guidelines.

Details: